000 00781nam a2200253Ia 4500
003 OSt
005 20220923230642.0
006 a|||||r|||| 00| 0
007 ta
008 Pun
020 _c125
024 _a290,015
037 _b1021, 16/03/2016, H.K. Prakashan
_cTextual
040 _aARTS
_cARTS
_bPun
041 _2Pun
_aPun
082 _aU8.44Q7, 153P6
100 _aਛੀਨਾ, ਸਰਬਜੀਤ ਸਿੰਘ
245 0 _aਪਾਕਿਸਤਾਨੀ ਸਖ਼ਰਨਾਮਾ
260 _aਚੰਡੀਗੜ
_b ਲੋਕਗੀਤ
_c2006
300 _a123ਪੰ
_ccm.
650 _aਭੂਗੋਲ
942 _hU8.44Q7, 153P6
_cTEXL
_2CC
999 _c386294
_d386294